00608nam a22001815i 4500001000700000003000900007005001700016008004100033040002000074100004100094245004400135250001200179260007400191300002200265490004600287830004500333852004800378161848ES-MaACL20250824073800.0010711s1886 sp |||| | spa d aCAM bspa cCAM1 aPérez Galdós, Benito,d1843-192010aGerona / cpor Benito Pérez Galdós. a4ª ed. aMadrid : b[s.n.], c1886 (fImprenta y litografía de La Guirnalda) a262 p. ; c17 cm.1 aEpisodios nacionales. Primera serie ; v700aEpisodios nacionales. pPrimera seriev7 aES-MaACLjB-5805 z-- Enc. pasta española